000 00362nam a2200133Ia 4500
005 20260328104245.0
008 260328s9999||||xx |||||||||||||| ||und||
100 _aMorley, Sylvanus G.
245 0 _aGuia de las Ruinas de Quirigua /
_cSylvanus G. Morley
260 _bInstitución Carnegie de Washington
300 _a228 p.
650 _aGUATEMALA
942 _cBK
999 _c10040
_d10040